000 00384nam a2200145Ia 4500
008 230711s9999||||xx |||||||||||||| ||und||
041 _aENG
082 _a621
_bHI-M
100 _aHiggins,Lindley
245 0 _aMaintenance engineering handbook
250 _a5th . Ed.
260 _c1995
_aNew York
_bTata McGraw Hill Education Limited
650 _aMechanical Engineering
942 _cBK
999 _c3575
_d3575